000 01039nam a2200289 a 4500
003 DO-SdBNP
005 20211115091355.0
007
008 090715s2002 dr ac 000 0bspa d
020 _a9789945007152
040 _aBPMSU
_bspa
_cBPMSU
082 4 _a923.27293
_bB742G, 2017
_222
100 1 _aGutiérrez Féliz, Euclides,
_d1936-
245 1 0 _aJuan Bosch :
_bperfil biográfico /
_cEuclides Gutiérrez Féliz ; edición Cándico Gerón
250 _a2a ed. ampl. y corr.
260 _aSanto Domingo :
_bCorripio,
_c2017
300 _a258 p. :
_bil., retrs. ;
_c23 cm.
500 _aIncluye datos biográficos del autor en la solapa de la cubierta
505 0 _aEscritor político --
_tEl camino --
_tEl triunfador --
_tEl patriota --
_tEl maestro --
_tLa proceridad.
590 _6Inventariado, 2021/VM
600 1 4 _aBosch, Juan
_d1909-2001
_91
651 4 _aRepública Dominicana
_vBiografías
700 1 _aGerón, Candido
_e ed.
830 0 _aBiografías dominicanas Tobogán
910 _aVMateo V.
942 _2ddc
_cBK
999 _c13703
_d13703